<?xml version="1.0" encoding="UTF-8"?>
<record
    xmlns:xsi="http://www.w3.org/2001/XMLSchema-instance"
    xsi:schemaLocation="http://www.loc.gov/MARC21/slim http://www.loc.gov/standards/marcxml/schema/MARC21slim.xsd"
    xmlns="http://www.loc.gov/MARC21/slim">

  <leader>00575nam a22001817a 4500</leader>
  <datafield tag="999" ind1=" " ind2=" ">
    <subfield code="c">525280</subfield>
    <subfield code="d">525280</subfield>
  </datafield>
  <controlfield tag="003">NUST</controlfield>
  <datafield tag="020" ind1=" " ind2=" ">
    <subfield code="a">9789698023287</subfield>
  </datafield>
  <datafield tag="038" ind1=" " ind2=" ">
    <subfield code="a">waseem</subfield>
  </datafield>
  <datafield tag="082" ind1=" " ind2=" ">
    <subfield code="a">891.4391</subfield>
    <subfield code="b">WAS</subfield>
  </datafield>
  <datafield tag="100" ind1=" " ind2=" ">
    <subfield code="a">Wisario, Manzoor Ali</subfield>
    <subfield code="9">16019</subfield>
  </datafield>
  <datafield tag="245" ind1=" " ind2=" ">
    <subfield code="a">Pakistani Zubano Mein Lasani Astraak /</subfield>
    <subfield code="c">Manzoor Ali Wisario</subfield>
  </datafield>
  <datafield tag="260" ind1=" " ind2=" ">
    <subfield code="a">Islamabad :</subfield>
    <subfield code="b">National Institute of Pakistan Studies,</subfield>
    <subfield code="c">2007.</subfield>
  </datafield>
  <datafield tag="300" ind1=" " ind2=" ">
    <subfield code="a">240 p. ;</subfield>
  </datafield>
  <datafield tag="500" ind1=" " ind2=" ">
    <subfield code="a">Paperback.</subfield>
  </datafield>
  <datafield tag="880" ind1=" " ind2=" ">
    <subfield code="6">100-01\r</subfield>
    <subfield code="a">&#x645;&#x646;&#x638;&#x648;&#x631; &#x639;&#x644;&#x6CC; &#x648;&#x6CC;&#x633;&#x631;&#x6CC;&#x648;</subfield>
  </datafield>
  <datafield tag="880" ind1=" " ind2=" ">
    <subfield code="6">245-02\r</subfield>
    <subfield code="a">&#x67E;&#x627;&#x6A9;&#x633;&#x62A;&#x627;&#x646;&#x6CC; &#x632;&#x628;&#x627;&#x646;&#x648;&#x6BA; &#x645;&#x6CC;&#x6BA; &#x644;&#x633;&#x627;&#x646;&#x6CC; &#x627;&#x634;&#x62A;&#x631;&#x627;&#x6A9; /</subfield>
  </datafield>
  <datafield tag="942" ind1=" " ind2=" ">
    <subfield code="2">ddc</subfield>
    <subfield code="c">BK</subfield>
  </datafield>
  <datafield tag="952" ind1=" " ind2=" ">
    <subfield code="0">0</subfield>
    <subfield code="1">0</subfield>
    <subfield code="2">ddc</subfield>
    <subfield code="4">0</subfield>
    <subfield code="7">0</subfield>
    <subfield code="a">CL</subfield>
    <subfield code="b">CL</subfield>
    <subfield code="c">LIT</subfield>
    <subfield code="d">2019-06-30</subfield>
    <subfield code="l">0</subfield>
    <subfield code="o">891.4391 WAS</subfield>
    <subfield code="p">CL-E-328</subfield>
    <subfield code="r">2019-06-30</subfield>
    <subfield code="w">2019-06-30</subfield>
    <subfield code="y">BK</subfield>
  </datafield>
</record>
